El periquillo Sarmiento

Guardado en:
Bibliografiske detaljer
Hovedforfatter: Fernández de Lizardi, José Joaquín
Format: Bog
Sprog:Undetermined
Udgivet: Managua, Nicaragua Nueva Nicaragua 1987
Fag:
Tags: Tilføj Tag
Ingen Tags, Vær først til at tagge denne postø!

MARC

LEADER 00000nam a2200000Ia 4500
008 170316s9999 xx 000 0 und d
040 |a cru BVZT 
090 |a 860 F-1p 
100 |a Fernández de Lizardi, José Joaquín 
245 |a El periquillo Sarmiento 
260 |a Managua, Nicaragua 
260 |b Nueva Nicaragua 
260 |c 1987 
300 |a 610 páginas 
650 |a LITERATURA LATINOAMERICANA 
999 |c 8660  |d 8660 
942 |c 15 D  |h 860 F-1p  |2 z